Catálogo

Juan Pablo II : (Registro nro. 27905)

Detalles MARC
000 -LEADER
fixed length control field 01152cam a2200325 i 4500
001 - CONTROL NUMBER
control field 27905
003 - CONTROL NUMBER IDENTIFIER
control field Mx-PuUPA
005 - DATE AND TIME OF LATEST TRANSACTION
control field 20250327094109.0
008 - FIXED-LENGTH DATA ELEMENTS--GENERAL INFORMATION
fixed length control field 140415s2005 sp aob gr 001 0bspa d
017 ## - COPYRIGHT OR LEGAL DEPOSIT NUMBER
Copyright or legal deposit number M. 15.485-2005
020 ## - INTERNATIONAL STANDARD BOOK NUMBER
International Standard Book Number 8467018674
040 ## - CATALOGING SOURCE
Transcribing agency Mx-PuUPA
Original cataloging agency Mx-PuUPA
Language of cataloging spa
Modifying agency Mx-PuUPA
Description conventions rda
041 0# - LANGUAGE CODE
Language code of text/sound track or separate title spa
100 1# - MAIN ENTRY--PERSONAL NAME
Personal name Lamet, Pedro Miguel,
Dates associated with a name 1941-
Relator term autor
9 (RLIN) 16860
245 10 - TITLE STATEMENT
Title Juan Pablo II :
Remainder of title hombre y Papa /
Statement of responsibility, etc. Pedro Miguel Lamet
264 #1 - PRODUCTION, PUBLICATION, DISTRIBUTION, MANUFACTURE, AND COPYRIGHT NOTICE
Place of production, publication, distribution, manufacture Madrid, España :
Name of producer, publisher, distributor, manufacturer Espasa Calpe,
Date of production, publication, distribution, manufacture, or copyright notice ©2005
300 ## - PHYSICAL DESCRIPTION
Extent 644 páginas, 12 páginas con fotografías (blanco y negro) sin numerar :
Other physical details ilustraciones, fotografías, mapas ;
Dimensions 22 cm
336 ## - CONTENT TYPE
Fuente rdacontent
Content type term texto
Content type code txt
337 ## - MEDIA TYPE
Source rdamedia
Media type term sin medio
Media type code n
338 ## - CARRIER TYPE
Source rdacarrier
Carrier type term volumen
Carrier type code nc
490 0# - SERIES STATEMENT
Series statement Espasa Forum
600 04 - SUBJECT ADDED ENTRY--PERSONAL NAME
Personal name Juan Pablo II, Papa
600 04 - SUBJECT ADDED ENTRY--PERSONAL NAME
Personal name Juan Pablo II, Papa,
Titles and other words associated with a name Santo,
Form subdivision Biografías
Chronological subdivision 1920-2005
650 #7 - SUBJECT ADDED ENTRY--TOPICAL TERM
Source of heading or term armarc
Topical term or geographic name entry element Historia eclesiástica
Chronological subdivision Siglo XX
650 #7 - SUBJECT ADDED ENTRY--TOPICAL TERM
Source of heading or term armarc
Topical term or geographic name entry element Iglesia Católica
General subdivision Historia
Chronological subdivision Siglo XX
942 ## - ADDED ENTRY ELEMENTS (KOHA)
Source of classification or shelving scheme Dewey Decimal Classification
Koha item type Libro
Classification part 922.21
Item part J22
Existencias
Withdrawn status Lost status Source of classification or shelving scheme Damaged status Not for loan Collection code Home library Current library Shelving location Date acquired Source of acquisition Cost, normal purchase price Total Checkouts Full call number Barcode Date last seen Cost, replacement price Price effective from Koha item type
    Dewey Decimal Classification   Consulta en sala Karol Wojtyla Biblioteca Karol Wojtyla Biblioteca Karol Wojtyla Sala "Colecciones Especiales" 03/12/2013 Donación 0.00   922.21 J22 2005 46624 19/03/2026 0.00 03/12/2013 Libro